000
00326nam a2200145 a 4500
008
980109s1971||||xx 0 und c
040
_a
SNK
_b
slo
_c
SNK
_e
AACR2
100
1
_a
MichaĆowski, K.
245
1
0
_a
Karnak
260
_a
Bratislava
_b
Tatran
_c
1971
300
_a
90 s.
020
_c
10
041
_a
slo
044
_a
xo
_c
SK
999
_c
14919
_d
14919